A true book / (Record no. 631)

MARC details
000 -LEADER
fixed length control field 00829nam a22002657a 4500
005 - DATE AND TIME OF LATEST TRANSACTION
control field 20231116142435.0
020 ## - INTERNATIONAL STANDARD BOOK NUMBER
International Standard Book Number 9780531281055 (pbk.)
020 ## - INTERNATIONAL STANDARD BOOK NUMBER
International Standard Book Number 0531281051 (pbk.)
040 ## - CATALOGING SOURCE
Original cataloging agency FISKH
Language of cataloging eng
Transcribing agency FISKH
Modifying agency FISKH
050 ## - LIBRARY OF CONGRESS CALL NUMBER
Classification number GC21.B46
082 ## - DEWEY DECIMAL CLASSIFICATION NUMBER
Classification number 578.77
100 ## - MAIN ENTRY--PERSONAL NAME
Personal name Benoit, Peter.
Dates associated with a name 1955-
245 ## - TITLE STATEMENT
Title A true book /
Remainder of title Oceans
Statement of responsibility, etc. by Benoit, Peter.
260 ## - PUBLICATION, DISTRIBUTION, ETC.
Place of publication, distribution, etc. Guangdong :
Name of publisher, distributor, etc. Scholastic ;
Date of publication, distribution, etc. 2011.
300 ## - PHYSICAL DESCRIPTION
Extent 48 pages ;
Other physical details color illustrations ;
Dimensions 22 cm.
490 ## - SERIES STATEMENT
Series statement A true book
505 ## - FORMATTED CONTENTS NOTE
Formatted contents note Q <br/>
520 ## - SUMMARY, ETC.
Summary, etc. Explores oceans, discusses how they affect the climate, and describes the variety of life forms found there.
521 ## - TARGET AUDIENCE NOTE
Target audience note 930 <br/>
Source Lexile <br/>
521 ## - TARGET AUDIENCE NOTE
Target audience note Q <br/>
Source Raz-Plus <br/>
650 ## - SUBJECT ADDED ENTRY--TOPICAL TERM
Form subdivision Juvenile literature
Chronological subdivision Oceanography
650 ## - SUBJECT ADDED ENTRY--TOPICAL TERM
Topical term or geographic name entry element Ocean
Form subdivision Juvenile literature
942 ## - ADDED ENTRY ELEMENTS (KOHA)
Source of classification or shelving scheme Dewey Decimal Classification
Koha item type Books
Suppress in OPAC No
999 ## -
-- 631
-- 631
Holdings
Withdrawn status Lost status Source of classification or shelving scheme Damaged status Not for loan Collection Home library Current library Shelving location Date acquired Total Checkouts Full call number Barcode Date last seen Price effective from Koha item type
    Dewey Decimal Classification     Non-Fiction Footprints International School Library Network Toul Kork Campus Footprints International School Library Network Toul Kork Campus   06/27/2023   BEN GC21.B46 FISTK01619 06/27/2023 06/27/2023 Books